BIBLIOTHÈQUE DE LA MAISON DU MEXIQUE

Logo 1 Logo 2

Historia del pueblo chino (notice nᵒ 4446)

détails MARC
000 -Sello discográfico
campo de control de longitud fija 01076nam a2200337 4500
005 - Identificación de versión
campo de control 20251016083813.0
035 ## - Otros números de control del sistema
Número de control del sistema 5717
099 ## - fechas locales
Tipo de ítem Koha LIBRO
100 ## - Datos de procesamiento general
Datos de procesamiento general 19990915d19781950m y1spay5003 ba
101 ## - Idioma del recurso
Idioma del texto, banda sonora, etc. Español; Castellano
Idioma de la obra original Inglés
105 ## - Campo de datos codificados: Material textual, monográfico
Datos codificados de monografía a 001zy
200 1# - Título y mención de responsabilidad
Título propio Historia del pueblo chino
Designación general del material texto impreso
Otra información del título desde los orígenes hasta 1967
Primer mención de responsabilidad L. Carrington Goodrich
Declaración de responsabilidad subsiguiente traducción Vicente Gaos
205 ## - Declaración de edición
Declaración de edición 2a ed
210 ## - Publicación, distribución, etc.
Lugar de publicación, distribución, etc. México
Nombre del editor, distribuidor, etc. Fondo de Cultura Económica
Fecha de publicación, distribución, etc. 1978
215 ## - Descripción física
Designación de material específico y extensión del ítem 335 p
Otras características físicas il.
Dimensiones 17 cm
300 ## - Notas generales
Texto de la nota Incluye bibliografía p.317-332
345 ## - Nota de información de adquisición
Fuente de adquisición/dirección de la suscripción [OBSOLETO] Donación
410 #1 - Series
Título Breviarios del Fondo de Cultura Económica
Número de volumen 30
454 #1 - Traducción de
Título A short history of the chines people
607 ## - Nombre geográfico utilizado como tema
Elemento de entrada China
Subdivisión temática Historia
Número Koha 8502
660 ## - Código de área geográfica
Código MX
700 ## - Nombre personal - Responsabilidad primaria
Elemento de entrada Carrington Goodrich
Parte del nombre distinta del elemento de entrada Luther
Fechas 1894-1986
Número Koha 8503
702 ## - Nombre personal - Responsabilidad secundaria
Elemento de entrada Gaos y González-Pola
Parte del nombre distinta del elemento de entrada Vicente
Fechas 1919-1980
Número Koha 8504
801 #0 - Fuente de origen
Agencia cm
900 ## -
-- 1/19213
900 ## -
-- 7109911124\150999
942 ## - ELEMENTOS DE ENTRADA SECUNDARIOS (KOHA)
Tipo de ítem Koha Livre
996 ## -
-- MEX
-- 751145101
-- MMAG
-- 004514
-- 082.1 B846 V.30
-- 20210204LIV
Exemplaires
Estatus retirado Estado de daño Estado de pérdida Fecha de adquisición Biblioteca de origen Biblioteca actual Ubicación en estantería Código de barras Precio de reemplazo Signatura topográfica completa No para préstamo Tipo de ítem Koha Nota pública Nota no pública
      05/08/2025 Casa México Paris Casa México Paris   004514 05/08/2025 082.1 B846 V.30   Livre 20210204LIV 751145101